Desarrollo de las habilidades necesarias para migrar un sistema de control automático desde la plataforma de Provox hacia Delta V en la empresa Emerson
में बचाया:
| मुख्य लेखक: | |
|---|---|
| स्वरूप: | पुस्तक |
| भाषा: | Spanish |
| प्रकाशित: |
San Pedro, [Montes de Oca, San José, Costa Rica]
2013
|
| विषय: | |
| टैग: |
टैग जोड़ें
कोई टैग नहीं, इस रिकॉर्ड को टैग करने वाले पहले व्यक्ति बनें!
|
MARC
| LEADER | 00000nam a22000007a 4500 | ||
|---|---|---|---|
| 003 | 011840 | ||
| 005 | 20221231143904.0 | ||
| 008 | 150320b2013 cr a|||| |||| 00| 0 spa d | ||
| 040 | |c cru CEDI | ||
| 090 | |a TFG 7009 | ||
| 100 | |9 629 |a Mata Barrantes, Daniel Eduardo | ||
| 245 | |a Desarrollo de las habilidades necesarias para migrar un sistema de control automático desde la plataforma de Provox hacia Delta V en la empresa Emerson | ||
| 260 | |a San Pedro, [Montes de Oca, San José, Costa Rica] |c 2013 | ||
| 500 | |a Práctica dirigida (licenciatura en ingeniería química)--Universidad de Costa Rica. Facultad de Ingeniería. Escuela de Ingeniería Química | ||
| 650 | |x CONTROL AUTOMATICO |x SISTEMAS DE TRANSMISION DE DATOS |x CONTROL DE PROCESOS - AUTOMATIZACION |x SISTEMAS DE CONTROL |x EMERSON ELECTRIC COSTA RICA LTD. |x EMPRESAS INDUSTRIALES |9 630 | ||
| 942 | |c TFG | ||
| 999 | |c 13775 |d 13775 | ||
